[Event "NED-chT 9697"]
[Site "?"]
[Date "1996.??.??"]
[Round "?"]
[White "Sokolov Ivan"]
[Black "Ree Hans"]
[Result "1-0"]
[WhiteElo "2665"]
[BlackElo "2440"]
[PlyCount "71"]
[EventDate "1996.??.??"]
[Source "www.chesslib.no"]
[SourceDate "2004.05.04"]

1. d4 g6 2. e4 Bg7 3. Nc3 c6 4. f4 d5 5. e5 h5 6. Be3 Qb6 7. Na4 Qa5+ 8. c3 Nh6 9. Nf3 Bg4 10. Nc5 Qb6 11. Be2 Nf5 12. Bd2 Bxf3 13. Bxf3 e6 14. b4 Nd7 15. Nb3 Qc7 16. a4 Bf8 17. a5 Nh4 18. O-O Nxf3+ 19. Qxf3 Be7 20. Rfc1 Nb8 21. Be1 Na6 22. Qh3 Qd8 23. Nd2 Kf8 24. Nf3 Nc7 25. g3 b6 26. Qf1 c5 27. bxc5 bxc5 28. c4 cxd4 29. c5 Qc8 30. Bf2 Qa6 31. Nxd4 Rc8 32. c6 Kg7 33. Qxa6 Nxa6 34. Nb5 Nc7 35. Nxa7 Ra8 36. Rab1 1-0

[Event "Donner Memorial Open"]
[Site "Amsterdam NED"]
[Date "1994.??.??"]
[Round "7"]
[White "Lanka, Zigurds"]
[Black "Hodgson, Julian M"]
[Result "1/2-1/2"]
[WhiteElo "2535"]
[BlackElo "2570"]
[PlyCount "110"]
[EventDate "1994.08.??"]
[Source "www.chesslib.no"]
[SourceDate "2004.05.04"]

1. e4 g6 2. d4 Bg7 3. Nc3 c6 4. f4 d5 5. e5 Nh6 6. Nf3 f6 7. Be3 Bg4 8. Be2 O-O 9. Qd2 Nf5 10. Bf2 Nd7 11. O-O Bh6 12. Rae1 Bxf3 13. Bxf3 fxe5 14. dxe5 e6 15. Kh1 Kh8 16. Bd1 Nb6 17. Bc5 Rf7 18. Qd3 Nc4 19. b3 Qa5 20. Bg1 Nb2 21. Qh3 Bf8 22. g4 Ng7 23. Ne2 c5 24. a4 Qb4 25. Qg2 c4 26. c3 Qa3 27. Bc2 cxb3 28. Ra1 bxc2 29. Rxa3 Bxa3 30. Nc1 Nxa4 31. Qxc2 Nc5 32. Ne2 Nd7 33. Qb3 Bc5 34. Qxb7 Raf8 35. Qc7 Bxg1 36. Rxg1 Nb6 37. Qc5 Nc4 38. Rb1 Kg8 39. Qc6 g5 40. f5 Nxe5 41. Qd6 Nc4 42. Qc5 exf5 43. Qxd5 Ne3 44. Qd2 f4 45. Nd4 Nxg4 46. Qg2 Nf6 47. Qxg5 Ne4 48. Qh4 Nxc3 49. Rg1 f3 50. Nxf3 Rxf3 51. Qd4 R8f7 52. Qd8+ Rf8 53. Qc7 R8f7 54. Qc8+ Rf8 55. Qc7 R8f7 1/2-1/2

[Event "Nantes op 1st"]
[Site "?"]
[Date "2002.12.30"]
[Round "6"]
[White "Prie Eric"]
[Black "Istratescu Andrei"]
[Result "1/2-1/2"]
[WhiteElo "2489"]
[BlackElo "2615"]
[PlyCount "70"]
[EventDate "2002.??.??"]
[Source "www.chesslib.no"]
[SourceDate "2004.05.04"]

1. e4 g6 2. d4 Bg7 3. Nc3 c6 4. f4 d5 5. e5 Nh6 6. Be2 f6 7. Be3 Qb6 8. Na4 Qa5+ 9. c3 Nd7 10. b4 Qc7 11. Nf3 b5 12. Nc5 Nxc5 13. bxc5 Rb8 14. Qd2 O-O 15. h3 Nf5 16. Bf2 fxe5 17. Nxe5 Nh6 18. a4 a6 19. O-O Nf7 20. Nd3 Bf5 21. Nb4 Ra8 22. axb5 axb5 23. Bf3 Bh6 24. Be3 Rxa1 25. Rxa1 Bc8 26. Bg4 e6 27. Rf1 Bd7 28. g3 Bg7 29. h4 h5 30. Bh3 Nh6 31. Ra1 Nf5 32. Bxf5 exf5 33. Nd3 Bc8 34. Ne5 Kh7 35. Qa2 Bb7 1/2-1/2

[Event "EU-ch 2nd"]
[Site "Ohrid"]
[Date "2001.06.11"]
[Round "10"]
[White "Smirnov, Pavel"]
[Black "Kobalija, Mihail"]
[Result "0-1"]
[WhiteElo "2511"]
[BlackElo "2590"]
[PlyCount "116"]
[EventDate "2001.06.01"]
[Source "ChessBase"]
[SourceDate "2001.09.13"]

1. e4 g6 2. d4 Bg7 3. Nc3 c6 4. f4 d5 5. e5 h5 6. Nf3 Bg4 7. Be3 Nh6 8. h3 Bxf3 9. Qxf3 Nf5 10. Bf2 h4 11. Bd3 e6 12. O-O Nd7 13. Ne2 b5 14. b3 b4 15. c4 bxc3 16. Rfc1 Bf8 17. Nxc3 Qb6 18. Na4 Qb7 19. Rc2 Ba3 20. Qe2 a5 21. Qe1 Be7 22. Qc3 Nb8 23. a3 Kf8 24. Nc5 Qb6 25. Rb1 Kg7 26. Kh2 Ra7 27. b4 axb4 28. axb4 Rc8 29. Qe1 Qd8 30. Rbc1 Rcc7 31. Rc3 Kh7 32. R1c2 Kg8 33. Qc1 Qe8 34. b5 cxb5 35. Nxe6 Rc4 36. Bxf5 gxf5 37. Ng5 Bxg5 38. fxg5 Nc6 39. g6 fxg6 40. Rxc4 bxc4 41. Qg5 Nd8 42. Rb2 Ne6 43. Qf6 g5 44. Rb6 Re7 45. Be1 Qf7 46. Bb4 Re8 47. Rxe6 Qxe6 48. Qxg5+ Kf7 49. Qf4 Qg6 50. Qf3 Qg3+ 51. Qxg3 hxg3+ 52. Kxg3 Rb8 53. Be1 c3 54. Bxc3 Rb3 55. Kf4 Rxc3 56. Kxf5 Rg3 57. h4 Rxg2 58. h5 Rd2 0-1

[Event "Dubai (open) 85/86"]
[Site "?"]
[Date "2002.??.??"]
[Round "?"]
[White "Acs, P."]
[Black "Minasian, Art"]
[Result "1-0"]
[WhiteElo "2529"]
[BlackElo "2572"]
[PlyCount "51"]
[EventDate "2002.??.??"]
[Source "Chess Informant"]
[SourceDate "2002.06.01"]

1. e4 g6 2. d4 Bg7 3. Nc3 c6 4. f4 d5 5. e5 Nh6 6. Nf3 f6 7. h3 Nf5 8. Bd3 Ng3 9. Rg1 fxe5 10. dxe5 O-O 11. Ne2 Nxe2 12. Qxe2 Bh6 13. g4 Bxf4 14. Bxf4 Rxf4 15. O-O-O Nd7 16. Rgf1 Nc5 17. Qe3 Ne6 18. Ng5 Qb6 19. Qd2 Rxf1 20. Rxf1 Qd4 21. Nf7 Bd7 22. c3 Qa4 23. Bxg6 Nf8 24. Bd3 Qxa2 25. Qg5+ Ng6 26. Bxg6 1-0

[Event "URS-FL"]
[Site "Baku"]
[Date "1977.??.??"]
[Round "9"]
[White "Tseshkovsky, Vitaly"]
[Black "Rashkovsky, Nukhim N"]
[Result "1/2-1/2"]
[WhiteElo "2590"]
[BlackElo "2510"]
[PlyCount "43"]
[EventDate "1977.??.??"]
[Source "ChessBase"]

1. e4 c6 2. Nc3 d5 3. d4 g6 4. h3 Bg7 5. Nf3 dxe4 6. Nxe4 Nf6 7. Nxf6+ exf6 8. Bc4 Qe7+ 9. Qe2 Qxe2+ 10. Kxe2 Be6 11. Bb3 Nd7 12. Rd1 Nb6 13. Kf1 O-O-O 14. Bxe6+ fxe6 15. Re1 Rhe8 16. Bf4 g5 17. Bg3 Na4 18. b3 Nc3 19. Re3 Nd5 20. Re2 Nc3 21. Re3 Nd5 22. Re2 1/2-1/2

[Event "Horgen SKA"]
[Site "Horgen"]
[Date "1994.??.??"]
[Round "2"]
[White "Magem Badals, Jordi"]
[Black "Hodgson, Julian M"]
[Result "1/2-1/2"]
[WhiteElo "2520"]
[BlackElo "2580"]
[PlyCount "31"]
[EventDate "1994.09.??"]
[Source "ChessBase"]

1. e4 g6 2. d4 Bg7 3. Nc3 c6 4. Nf3 d5 5. h3 Nf6 6. e5 Ne4 7. Bd3 Nxc3 8. bxc3 c5 9. O-O c4 10. Be2 Qa5 11. a4 Qxc3 12. Bd2 Qb2 13. Rb1 Qa3 14. Ra1 Qb2 15. Rb1 Qa3 16. Ra1 1/2-1/2

[Event "Belfort"]
[Site "Belfort FRA"]
[Date "1995.??.??"]
[Round "7"]
[White "Rozentalis, Eduardas"]
[Black "Bricard, Emmanuel"]
[Result "1-0"]
[WhiteElo "2600"]
[BlackElo "2500"]
[PlyCount "119"]
[EventDate "1995.01.??"]
[Source "www.chesslib.no"]
[SourceDate "2004.05.04"]

1. e4 g6 2. d4 Bg7 3. Nc3 c6 4. Nf3 d5 5. Be2 dxe4 6. Nxe4 Nd7 7. h4 Ngf6 8. Ng3 h5 9. Ng5 O-O 10. c3 e5 11. O-O exd4 12. cxd4 Nb6 13. Be3 Bg4 14. f3 Nfd5 15. Bf2 Bd7 16. Bd3 Re8 17. Re1 Rxe1+ 18. Qxe1 Qf8 19. a3 Qd6 20. N3e4 Qf4 21. g3 Qd6 22. Nc5 Re8 23. Qd2 Bc8 24. Re1 Rxe1+ 25. Qxe1 Qd8 26. Nxb7 Bxb7 27. Bxg6 Bc8 28. Bxf7+ Kf8 29. Bxh5 Qe7 30. Qc1 Bd7 31. Bg6 Qe2 32. Be4 Kg8 33. b3 Qa2 34. Bh7+ Kh8 35. Qc2 Qxc2 36. Bxc2 Kg8 37. Ne4 Nc7 38. Nc5 Nb5 39. Nxd7 Nxd7 40. Be4 Nxd4 41. Bxd4 Bxd4+ 42. Kg2 c5 43. f4 Bb2 44. a4 Bc3 45. Kf2 Kg7 46. Ke2 Bf6 47. Bf5 Nb8 48. Be4 a5 49. h5 Na6 50. g4 Nc7 51. g5 Bb2 52. h6+ Kf8 53. Kf3 Ne6 54. Bd5 Nd4+ 55. Kg4 Nc2 56. Be6 Ne3+ 57. Kf3 Nc2 58. Ke4 Nd4 59. Bc4 Nc6 60. g6 1-0

[Event "Yopal"]
[Site "?"]
[Date "1997.??.??"]
[Round "?"]
[White "Rodriguez, Am"]
[Black "Conquest, S."]
[Result "0-1"]
[WhiteElo "2555"]
[BlackElo "2540"]
[PlyCount "80"]
[EventDate "1997.??.??"]
[Source "ChessBase"]
[SourceDate "1997.06.01"]

1. e4 c6 2. d4 d5 3. Nd2 dxe4 4. Nxe4 Nf6 5. Nxf6+ exf6 6. c3 Bd6 7. Bd3 Qc7 8. Qh5 Be6 9. Ne2 Nd7 10. g3 O-O-O 11. Nf4 f5 12. O-O g6 13. Qf3 h5 14. Re1 Rde8 15. Bd2 h4 16. c4 hxg3 17. hxg3 Nf6 18. d5 Bd7 19. Bc3 Ng4 20. Bxh8 Rxh8 21. dxc6 Bxc6 22. Nd5 Qd8 23. Bf1 Nh2 24. Qe3 f4 25. Qxa7 Nf3+ 26. Kg2 Nxe1+ 27. Rxe1 fxg3 28. fxg3 Qg5 29. Qe3 Qh5 30. Kf2 Kb8 31. Bg2 Re8 32. Qd3 Bc5+ 33. Kf1 Rxe1+ 34. Kxe1 Qe5+ 35. Qe2 Qxg3+ 36. Kd1 f5 37. b4 Ba4+ 38. Kd2 Bf8 39. Kc1 Qa3+ 40. Kb1 Bxb4 0-1

[Event "Bangi"]
[Site "?"]
[Date "1992.??.??"]
[Round "?"]
[White "Watson, W."]
[Black "Hodgson, Ju"]
[Result "1-0"]
[WhiteElo "2555"]
[BlackElo "2535"]
[PlyCount "83"]
[EventDate "1992.??.??"]
[Source "ChessBase"]
[SourceDate "1992.06.01"]

1. e4 c6 2. d4 d5 3. Nd2 dxe4 4. Nxe4 Nf6 5. Nxf6+ exf6 6. c3 Bd6 7. Bd3 Be6 8. Ne2 Qc7 9. Qc2 Nd7 10. c4 c5 11. d5 Bg4 12. h3 Bxe2 13. Qxe2+ Kf8 14. O-O Re8 15. Qc2 h5 16. f4 g6 17. Qf2 f5 18. b3 Be7 19. Bb2 Bf6 20. Bxf6 Nxf6 21. Qb2 Kg7 22. Rf3 h4 23. Qc3 Re7 24. Bxf5 gxf5 25. g4 fxg4 26. hxg4 Qd7 27. g5 Re2 28. Qxf6+ Kg8 29. Kf1 Qe8 30. g6 fxg6 31. f5 h3 32. Qxg6+ Qxg6 33. fxg6 Rd2 34. Kg1 Kg7 35. Kh1 Rh4 36. Rg1 Re2 37. Rf7+ Kg8 38. g7 Rg2 39. Rxb7 Rhg4 40. Rxg2 Rxg2 41. Rxa7 Rd2 42. a4 1-0

[Event "RUS"]
[Site "?"]
[Date "2006.04.27"]
[Round "8"]
[White "Sorokin Maxim"]
[Black "Deviatkin Andrei"]
[Result "1-0"]
[WhiteElo "2559"]
[BlackElo "2531"]
[PlyCount "81"]
[EventDate "2006.??.??"]
[Source "www.chesslib.no"]
[SourceDate "2004.05.04"]

1. e4 c6 2. d4 d5 3. Nd2 dxe4 4. Nxe4 h6 5. Bc4 Bf5 6. Ng3 Bh7 7. f4 e6 8. Nf3 Bd6 9. O-O Ne7 10. Ne5 O-O 11. Qe2 Bc7 12. Be3 Nd7 13. Rad1 Nd5 14. Bc1 Qe7 15. c3 Rad8 16. Kh1 Rfe8 17. Bb3 a6 18. Qf3 Qh4 19. Rde1 f5 20. Nxd7 Rxd7 21. c4 Nf6 22. d5 Ng4 23. h3 e5 24. fxe5 Nxe5 25. Qc3 cxd5 26. cxd5 Bd6 27. Nxf5 Bxf5 28. Rxf5 Bb4 29. Rexe5 Bxc3 30. Rxe8+ Kh7 31. bxc3 Re7 32. Rxe7 Qxe7 33. Rf1 g5 34. Rd1 Qd6 35. c4 b6 36. Be3 Kg6 37. Bg1 h5 38. Bh2 Qd7 39. d6 h4 40. Bc2+ Kh6 41. Rd5 1-0